| 000 | 00603nam a22001817a 4500 | ||
|---|---|---|---|
| 005 | 20240730115804.0 | ||
| 010 | _aENG-141089 | ||
| 020 |
_c550.00 _a9789361593840 |
||
| 035 | _aEN-124621 | ||
| 037 | _bDBAD | ||
| 082 | _a330 | ||
| 100 |
_aAGRAWAL,GAURAV _969075 |
||
| 245 |
_aIndian Economy: _cGAURAV AGRAWAL _bfor UPSC and state Public Service Examination/ |
||
| 260 |
_aUttar Pradesh _bPearson India Education Services Pvt.Ltd _c2024 |
||
| 270 |
_bUttar Pradesh _aPlot No. c-001A/2,Sector 16B,Noida-201301 _e201301 |
||
| 300 |
_avp(p). _c23cm(hb) |
||
| 942 |
_2ddc _cEN _h330 _mAGR |
||
| 999 |
_c204622 _d204622 |
||